| 000 | 00762nam a2200217 a 4500 | ||
|---|---|---|---|
| 003 | AM-YeHGA | ||
| 040 | _aAM-YeHGA | ||
| 942 |
_2udc _cBK |
||
| 090 | _c509552 | ||
| 001 | 001078685 | ||
| 005 | 20250618075858.0 | ||
| 008 | 150512s1957 |||| |||||||||| | arm c | ||
| 041 | 0 | _aarm | |
| 100 | 1 |
_aԱտրյան, Վարդան Հովհաննեսի, _d1896-1974 _92190 |
|
| 245 | 1 | 0 |
_aԱրյունոտ քառուղիներով : _bՎեպ / _cՎ. Ատրյան; Խմբ. Հարությունյան Ս. |
| 260 |
_aԹբիլիսի : _bՍախելգամի, _c1957. |
||
| 300 |
_aԳ. ; _c22 սմ. |
||
| 505 | 0 |
_gԳիրք 1 (1957, 470 էջ) _gԳիրք 2 (1957, 472 էջ) |
|
| 650 | 1 | 4 | _aՀայ գրականություն |
| 700 | 1 |
_aՀարությունյան, Ս. _eխմբ. _4edt |
|
| 999 |
_c506132 _d506132 |
||